Tuyển chọn những đề toán hay lớp 12

Sách bao gồm 27 đề thi tuyển sinh môn Toán có kèm theo lời giải đề nghị của nhiều trường Đại học trong nước.

Guardado en:
Detalles Bibliográficos
Autor principal: Nguyễn, Trọng Bá
Formato: Libro
Lenguaje:Undetermined
Publicado: Hà Nội Giáo dục 1997
Materias:
Etiquetas: Agregar Etiqueta
Sin Etiquetas, Sea el primero en etiquetar este registro!
Thư viện lưu trữ: Trung tâm Học liệu Trường Đại học Cần Thơ
LEADER 00838nam a2200229Ia 4500
001 CTU_28618
008 210402s9999 xx 000 0 und d
020 |b 12.000đ 
020 |c 12000 
082 |a 510.076 
082 |b B100 
100 |a Nguyễn, Trọng Bá 
245 0 |a Tuyển chọn những đề toán hay lớp 12 
245 0 |c Nguyễn Trọng Bá, Nguyễn Phú Trường 
260 |a Hà Nội 
260 |b Giáo dục 
260 |c 1997 
520 |a Sách bao gồm 27 đề thi tuyển sinh môn Toán có kèm theo lời giải đề nghị của nhiều trường Đại học trong nước. 
650 |a Mathematics 
650 |x Study and teaching 
904 |i Nguyễn Quang Điền, 990205 
980 |a Trung tâm Học liệu Trường Đại học Cần Thơ